...Y Mussolini creó el fascismo (Registro nro. 43560)

Detalles MARC
000 -ENCABEZADO
Número de control [NR] 00689nam a2200205Ia 4500
008 - DE LONGITUD FIJA DE DATOS DE ELEMENTOS - INFORMACIÓN GENERAL
Elementos de longitud fija [NR] 130821s1971 sp gr spa
040 ## - FUENTE DE CATALOGACION [NR]
Agencia de catalogación original [NR] Co-BoUCM
Idioma de catalogación [NR] spa
041 00 - CODIGO DE IDIOMA [R]
Código de idioma para texto/pista de sonido o título separado [R] Español
100 1# - ASIENTO PRINCIPAL--NOMBRE PERSONAL [NR]
Nombre personal [NR] Lujan, Néstor?UNAUTHORIZED
ID Autoridad 161360
245 14 - MENCION DE TITULO [NR]
Título [NR] ...Y Mussolini creó el fascismo
Mención de responsabilidad, etc. [NR] Nestor Lujan y Luis Bettonica
260 ## - PUBLICACION, DISTRIBUCION, ETC. (PIE DE IMPRENTA) [R]
Lugar de publicación, distribución, etc. [R] Barcelona (España)
Nombre del editor, distribuidor, etc. [R] Plaza & Janes
Fecha de publicación, distribución, etc. [R] 1971
300 ## - DESCRIPCION FISICA [R]
Extensión [R] 186 páginas
490 ## - MENCION DE SERIE [R]
Mención de serie [R] Rotativa
600 14 - ASIENTO SECUNDARIO DE MATERIA - NOMBRE PERSONAL [R]
Nombre personal [NR] Mussolini, Benito Amilcare Andrea
Fechas asociadas con el nombre [NR] 1883-1945
9 (RLIN) 141447
650 04 - ASIENTO SECUNDARIO DE MATERIA - TERMINO TEMATICO [R]
Término temático o nombre geográfico como elemento de entrada [NR] Ciencia política
9 (RLIN) 340
650 04 - ASIENTO SECUNDARIO DE MATERIA - TERMINO TEMATICO [R]
Término temático o nombre geográfico como elemento de entrada [NR] Fascismo
Subdivisión geográfica [R] Italia
9 (RLIN) 15595
700 1# - ASIENTO SECUNDARIO - NOMBRE PERSONAL [R]
Nombre personal [NR] Bettonica, Luis
9 (RLIN) 161361
942 ## - ELEMENTOS DE ENTRADA AGREGADOS (KOHA)
Tipo de ítem principal el descrito en 300a Libro
Tema principal Ciencia política
Edición 1
Parte restante de la signatura top. L968y
Sistema de clasificación DEWEY
Clasificación 320.533
Existencias
Fecha de último préstamo Total préstamos Total Renewals Signatura topográfica Código de barras Última vez visto Ejemplar Price effective from Tipo de ítem Perdido Sistema de clasificación Dañado No prestable Tipo de ítem específico Suprimido Ubicación habitual Ubicación actual Localización Fecha de creación Forma de adquisición Costo
15/06/2017 21 6 320.533 L968y 100062851 05/06/2024 Ej.1 03/02/2013 Libro   DEWEY     Libro   Bodega Bodega 3er piso 28/02/2004 Donación 24500.00